000 00738cam a2200265Ia 4500
001 44412
003 GBCCL
005 20241126110354.0
008 940622r19591971miu b 001 0 eng d
020 _z031034090x
_z0310340918
035 _a(OCoLC)30642687
040 _aLBB
_cLBB
049 _aLBBK
_c1-4
_aLBBC
050 0 _aBT891
_b.W3 1983
082 0 _a236.9
_bWAL
092 _a236.6
_bW241 1959a
100 1 _aWalvoord, John F.
_9125
245 1 4 _aThe millennial kingdom /
_cby John F. Walvoord.
260 _aGrand Rapids :
_bZondervan Pub. House,
_cc1959, 1977
300 _axxiv, 373 p. ;
_c21 cm.
500 _aIncludes indexes.
504 _aBibliography: p. 335-355.
650 0 _aMillennium.
_92038
942 _2ddc
_cBK
_023
999 _c1133
_d1133